[Event "Challenge"]
[Site "http://www.queenalice.com/game.php?id=1169406"]
[Date "2013.4.8"]
[Round "-"]
[White "Football_rules"]
[Black "enrikov"]
[Result "0-1"]
[WhiteElo "1695"]
[BlackElo "1970"]

1. e4 e5 2. Nf3 Nc6 3. a3 Nf6 4. h3 d5 5. Bb5 Bd6 6. Bxc6+ bxc6 7. exd5 cxd5 8.
d4 e4 9. Qe2 O-O 10. Ne5 Bxe5 11. dxe5 Nd7 12. Bf4 Re8 13. Qh5 Ba6 14. b4 Qe7
15. Kd1 c5 16. Nc3 Nxe5 17. Nxd5 Rad8 18. Bg5 Rxd5+ 19. Kc1 Qxg5+ 20. Qxg5 Nd3+
21. cxd3 Rxg5 22. g4 exd3 23. Kd2 c4 24. Kc3 Re2 25. f4 Rd5 26. f5 Rc2# 0-1

[Event "Challenge"]
[Site "http://www.queenalice.com/game.php?id=1171122"]
[Date "2013.4.13"]
[Round "-"]
[White "enrikov"]
[Black "tucot"]
[Result "0-1"]
[WhiteElo "1998"]
[BlackElo "2313"]

1. c4 e5 2. Nc3 Nf6 3. Nf3 d6 4. d4 Nbd7 5. d5 g6 6. e4 Bg7 7. b4 a5 8. Qa4 O-O
9. Bb2 Nb6 10. Qb3 Bg4 11. c5 axb4 12. Qxb4 dxc5 13. Qxc5 Na4 14. Qb4 c5 15. Qb3
Nxc3 16. Bxc3 Nxe4 17. Bxe5 Qa5+ 0-1

[Event "Challenge"]
[Site "http://www.queenalice.com/game.php?id=1203356"]
[Date "2013.7.29"]
[Round "-"]
[White "enrikov"]
[Black "Football_rules"]
[Result "1-0"]
[WhiteElo "1967"]
[BlackElo "1662"]

1. e4 e5 2. Nf3 d6 3. Nc3 Nc6 4. d4 Nf6 5. Be2 exd4 6. Nxd4 Nxd4 7. Qxd4 a6 8.
O-O c5 9. Qd1 Be6 10. Bf4 Be7 11. Bf3 h6 12. Qd2 g5 13. Bg3 Qd7 14. Rad1 Rd8 15.
Rfe1 g4 16. Be2 h5 17. f4 h4 18. Bf2 b5 19. e5 Nh5 20. exd6 Bxd6 21. Bxg4 Kf8
22. Bxe6 Qc6 23. Bd5 Qc7 24. Be3 Rg8 25. Rf1 h3 26. g3 Nf6 27. Bf3 Ke7 28. Rfe1
Kf8 29. Nd5 Nxd5 30. Qxd5 Bxf4 31. Qxd8+ Qxd8 32. Rxd8+ Kg7 33. Rxg8+ Kxg8 34.
Bxf4 c4 35. g4 1-0

[Event "Challenge"]
[Site "http://www.queenalice.com/game.php?id=1243768"]
[Date "2013.12.29"]
[Round "-"]
[White "Zugswang"]
[Black "enrikov"]
[Result "1-0"]
[WhiteElo "2186"]
[BlackElo "1975"]

1. e4 e5 2. f4 exf4 3. Nf3 g5 4. Bc4 Bg7 5. O-O Nc6 6. d4 g4 7. c3 gxf3 8. Qxf3
Qf6 9. Bxf4 d6 10. Qh5 Qg6 11. Qf3 Bg4 12. Qe3 O-O-O 13. h3 Bd7 14. b4 Nf6 15.
Nd2 Rhe8 16. Bd3 Bf5 17. Rae1 d5 18. exf5 Rxe3 19. fxg6 Rxd3 20. Bg5 fxg6 21.
Nb1 Rf8 22. Bf4 Ne4 23. h4 Nxc3 24. Nxc3 Rxc3 25. b5 Bxd4+ 26. Kh1 Nd8 27. Re7
Rf7 28. Re8 Bc5 29. g3 Be3 30. Rd1 Rc1 31. Rxc1 Bxc1 32. Be5 Rd7 33. Bd4 Ba3 34.
Rh8 b6 35. Kg2 Kb7 36. Kf3 Ne6 37. Be5 d4 38. Ke2 d3+ 39. Kd2 Bb4+ 40. Kd1 1-0

[Event "Challenge"]
[Site "http://www.queenalice.com/game.php?id=1273981"]
[Date "2014.4.18"]
[Round "-"]
[White "Football_rules"]
[Black "enrikov"]
[Result "1-0"]
[WhiteElo "1645"]
[BlackElo "1971"]

1. e4 e5 2. Nf3 Nc6 3. a3 Nf6 4. Nc3 d5 5. Bb5 Qd6 6. d3 Be7 7. h3 O-O 8. Be3 d4
9. Bxd4 Nxd4 10. Nxd4 exd4 11. Ne2 c5 12. Bc4 Be6 13. b3 1-0

[Event "Challenge"]
[Site "http://www.queenalice.com/game.php?id=1307655"]
[Date "2014.9.11"]
[Round "-"]
[White "Football_rules"]
[Black "enrikov"]
[Result "0-1"]
[WhiteElo "1513"]
[BlackElo "1910"]

1. e4 e5 2. Nf3 Nc6 3. c3 Nf6 4. d3 d5 5. exd5 Nxd5 6. Ng5 Be7 7. Qf3 Bxg5 8.
Bxg5 Qxg5 9. Qxd5 Qc1+ 10. Ke2 Qxb2+ 11. Nd2 Qxa1 12. g3 Qxc3 13. Bg2 O-O 14.
Ne4 Qd4 15. Qb5 a6 16. Qb3 Qd8 17. Rd1 Nd4+ 18. Kf1 Nxb3 0-1

[Event "Challenge"]
[Site "http://www.queenalice.com/game.php?id=1329543"]
[Date "2014.12.21"]
[Round "-"]
[White "enrikov"]
[Black "manucies"]
[Result "1-0"]
[WhiteElo "1942"]
[BlackElo "1440"]

1. e4 e5 2. Nf3 Nc6 3. Nc3 Nf6 4. Bb5 Bc5 5. Bxc6 bxc6 6. Nxe5 Bd4 7. Ng4 Bxc3
8. bxc3 Nxg4 9. Qxg4 O-O 10. O-O d5 11. Qe2 f6 12. c4 dxe4 13. Qxe4 Bb7 14. d4
Re8 15. Qd3 Rb8 16. Bf4 c5 17. dxc5 Qxd3 18. cxd3 Re7 19. Rab1 g5 20. Bg3 Ree8
21. Bxc7 1-0

[Event "tradional fin año"]
[Site "http://www.queenalice.com/game.php?id=1331893"]
[Date "2014.12.31"]
[Round "-"]
[White "a13tc38920"]
[Black "enrikov"]
[Result "1-0"]
[WhiteElo "1769"]
[BlackElo "1933"]

1. d4 d5 2. c4 Nf6 3. Nc3 Nc6 4. Nf3 Bf5 5. e3 e6 6. cxd5 Nxd5 7. Bb5 Be7 8. e4
Nxc3 9. bxc3 Bxe4 10. O-O O-O 11. Be3 Qd5 12. Bxc6 Qxc6 13. Ne5 Qxc3 14. Qg4 Bf5
15. Qg3 Rad8 16. Rac1 Qa5 17. Ng4 Qxa2 18. Nh6+ Kh8 19. Nxf5 exf5 20. Qxc7 Qe6
21. Qxb7 a5 22. Ra1 Ra8 23. h3 a4 24. Rfd1 Rfb8 25. Rxa4 Qc8 26. Qxc8+ Rxc8 27.
Rda1 Rxa4 28. Rxa4 1-0

[Event "Challenge"]
[Site "http://www.queenalice.com/game.php?id=1331894"]
[Date "2014.12.31"]
[Round "-"]
[White "enrikov"]
[Black "a13tc38920"]
[Result "1-0"]
[WhiteElo "1944"]
[BlackElo "1800"]

1. e4 c5 2. Nf3 d6 3. d4 cxd4 4. Nxd4 Nf6 5. Nc3 a6 6. Bc4 b5 7. Bd3 Bb7 8. O-O
b4 9. Nd5 Nxd5 10. exd5 Bxd5 11. Re1 e5 12. Bd2 Be7 13. Nf5 Nc6 14. Nxg7+ Kd7
15. c4 bxc3 16. Bxc3 Qg8 17. Bf5+ Kc7 18. Qxd5 Qxg7 19. Rac1 Kb7 20. Bxe5 dxe5
21. Qxc6+ 1-0

[Event "Challenge"]
[Site "http://www.queenalice.com/game.php?id=1608569"]
[Date "2020.4.20"]
[Round "-"]
[White "enrikov"]
[Black "Brizzio"]
[Result "0-1"]
[WhiteElo "1919"]
[BlackElo "1953"]

1. c4 e5 2. Nc3 Nc6 3. Nf3 d6 4. d4 exd4 5. Nxd4 Nxd4 6. Qxd4 c5 7. Qd3 Nf6 8.
e4 Be7 9. Be2 Be6 10. Nd5 O-O 11. O-O Nxd5 12. exd5 Bd7 13. b3 f5 14. Bb2 Bf6
15. Qc2 Bxb2 16. Qxb2 Qg5 17. f4 Qe7 18. Rae1 Qf6 19. Qd2 b6 20. Bf3 Rae8 21. g3
Qd4+ 22. Qxd4 cxd4 23. Rd1 Re3 24. Rxd4 Rfe8 25. Rc1 Rxf3 0-1

[Event "Challenge"]
[Site "http://www.queenalice.com/game.php?id=1610490"]
[Date "2020.5.2"]
[Round "-"]
[White "enrikov"]
[Black "Copelipon"]
[Result "0-1"]
[WhiteElo "1930"]
[BlackElo "1946"]

1. c4 f5 2. Nc3 Nf6 3. d4 e6 4. Nf3 Be7 5. Qc2 d5 6. Bf4 c6 7. c5 Nbd7 8. e3 O-O
9. Be2 b6 10. b4 bxc5 11. bxc5 Nh5 12. Be5 Ndf6 13. O-O h6 14. Nd2 g5 15. f3 Bd7
16. Rae1 Be8 17. e4 Bg6 18. Bd3 Nd7 19. exf5 Bxf5 20. g4 Bxd3 21. Qxd3 Nxe5 22.
Rxe5 Nf4 23. Qc2 Bf6 24. Ree1 Bxd4+ 25. Kh1 Qf6 26. Ne2 Nxe2 27. Rxe2 Rab8 28.
Nb3 Be5 29. Qd3 Bf4 30. Nd4 e5 31. Nf5 h5 32. h3 Rbe8 33. Qa6 Rf7 34. Nd6 hxg4
35. Nxe8 Qh6 36. Rg2 Qxh3+ 37. Kg1 Be3+ 38. Rff2 Rxf3 39. Nf6+ Rxf6 0-1

[Event "Challenge"]
[Site "http://www.queenalice.com/game.php?id=1616890"]
[Date "2020.6.16"]
[Round "-"]
[White "MADMIKE"]
[Black "enrikov"]
[Result "0-1"]
[WhiteElo "1812"]
[BlackElo "1906"]

1. d4 d5 2. Nc3 Nf6 3. Bf4 a6 4. h3 Nc6 5. Nf3 Ne4 6. e3 Nxc3 7. bxc3 Bf5 8. Bd3
Qd7 9. O-O g6 10. Be5 f6 11. Bxf5 gxf5 12. Bf4 O-O-O 13. a4 Bg7 14. Rb1 e5 15.
dxe5 fxe5 16. Bg5 Rde8 17. Qe2 Re6 18. Bh4 Rg6 19. Kh1 d4 20. cxd4 exd4 21. exd4
Nxd4 22. Nxd4 Qxd4 23. Bg3 f4 24. Bh2 Bh6 25. f3 Rhg8 26. Rg1 Qxa4 27. c4 Re8
28. Qb2 Rb6 29. Qc1 Rxb1 30. Qxb1 Qxc4 31. Qxh7 Qe6 32. Qd3 Rd8 33. Qc3 Qf7 34.
Qc5 Kb8 35. Qh5 Qxh5 0-1

[Event "Challenge"]
[Site "http://www.queenalice.com/game.php?id=1616891"]
[Date "2020.6.16"]
[Round "-"]
[White "enrikov"]
[Black "MADMIKE"]
[Result "1-0"]
[WhiteElo "1918"]
[BlackElo "1815"]

1. c4 e5 2. Nc3 Nf6 3. Nf3 Bc5 4. Nxe5 d6 5. Nf3 O-O 6. d4 Bb4 7. Qc2 d5 8. a3
Bxc3+ 9. Qxc3 Ne4 10. Qc2 c6 11. Nd2 Qf6 12. Nxe4 dxe4 13. Qxe4 Bf5 14. Qf4 Nd7
15. e4 Bxe4 16. Qg4 Bf5 17. Qf4 Qg6 18. g3 Bc2 19. Bg2 Bd3 20. d5 cxd5 21. Bxd5
Rac8 22. Be3 b6 23. O-O-O Nc5 24. b4 Nb3+ 25. Kb2 Bc2 26. Rde1 Qd3 27. Ka2 Nc1+
28. Kb2 Ne2 29. Rxe2 Qxe2 30. Bd2 Qd3 31. Bc3 Ba4 32. Qd2 Qf5 33. Re1 Rcd8 34.
Re5 Qg4 35. Rg5 Qxg5 36. Qxg5 1-0